000
00332nam a2200145Ia 4500
005
20251222152011.0
008
251222s9999||||xx |||||||||||||| ||spa||
020
_a
9786034007628
082
_a
633.73/R61
100
_a
Rimache Artica, Mijail
245
0
_a
Cultivo de café
250
_a
1ra.ed.
264
_b
Macro
942
_c
LIB
999
_c
24893
_d
24893